BABYMONSTER Songs Alphabet - Statistics

General Stats
  • This quiz has been taken 180 times
    91 since last reset
  • The average score is 11 of 12
Answer Stats
Hint Answer % Correct
B Batter Up/ Billionaire
95%
D Drip/ Dream
95%
S Sheesh/ Stuck In The Middle/Supa Dupa Luv
95%
W Woke Up In Tokyo/We Go Up/Wild
93%
C Click Clak
90%
L Like That/ Love In My Heart/ Love, Maybe
89%
F Forever
87%
H Hot Sauce
87%
P Psycho
87%
R Really Like You
84%
G Ghost
79%
M MONSTERS
70%
No matching quizzes found
Score Distribution
Percent of People with Each Score
Percentile by Number Answered
Your Score History
You have not taken this quiz since the last reset